| Tag |
First Indicator |
Second Indicator |
Subfields |
| LEADER |
00000cam a2200000 4500 |
| 001 |
in00000096816 |
| 005 |
20150925090431.0 |
| 008 |
780821r1955 nmua 00000 eng u |
| 010 |
|
|
|a gs 55000288
|
| 035 |
|
|
|a (OCoLC)04156871
|
| 035 |
|
|
|9 AAL2529AM
|
| 040 |
|
|
|c TXU
|d TXA
|d UtOrBLW
|
| 049 |
|
|
|a TXAM
|c [435380]
|
| 090 |
|
|
|a TN24.N6
|b A235 no. 32
|
| 100 |
1 |
|
|a Weber, Robert Harrison,
|d 1919-
|
| 245 |
1 |
0 |
|a Processing perlite :
|b the technologic problems.
|
| 264 |
|
1 |
|a Socorro,
|b [publisher not identified] ;
|c 1955.
|
| 300 |
|
|
|a 3 pages :
|b illustrations ;
|c 28 cm.
|
| 336 |
|
|
|a text
|b txt
|2 rdacontent
|
| 337 |
|
|
|a unmediated
|b n
|2 rdamedia
|
| 338 |
|
|
|a volume
|b nc
|2 rdacarrier
|
| 490 |
1 |
|
|a New Mexico. Bureau of Mines and Mineral Resources. Circular ;
|v 32
|
| 500 |
|
|
|a Cover title.
|
| 500 |
|
|
|a "Reprinted from Mining engineering, February 1955."
|
| 650 |
|
0 |
|a Perlite.
|
| 830 |
|
0 |
|a Circular (New Mexico. Bureau of Mines and Mineral Resources) ;
|v 32.
|
| 999 |
|
|
|a MARS
|
| 999 |
f |
f |
|s 736e68ac-31d2-357d-bb81-27e6b321cc49
|i a096c581-a592-37ad-9a8d-f1af954d4dd6
|t 0
|
| 952 |
f |
f |
|p ric
|a Texas A&M University
|b Rellis Campus
|c Joint Library Facility
|d Remote Storage
|t 0
|e TN24.N6 A235 no.32
|h Library of Congress classification
|i unmediated -- volume
|m A14805566707
|
| 998 |
f |
f |
|a TN24.N6 A235 no.32
|t 0
|l Remote Storage
|